00503nam a2200193 a 4500001001300000003000900013005001700022008004100039020001000080082001300090100002500103245003600128260004800164300000700212500003500219505001400254650001600268700002500284nice12345678IN_TiNIC20260116011426.0050524s1931 laha grp 000 0 urd  ac10000a239bFAD aFadi, Abdullah Abdul aKeya Masih Jabran Masloob Huay. aLahorebPunjab Religious Booksociety c1931 a6p aincludes index and biblioraphy2 areference aApologetics1 aFadi, Abdullah Abdul